000 00472nab a22001457 4500
003 ES-SlBCS
005 20251012153130.0
008 240702s2025 sp ||||| |||| 00| 0 spa d
040 _aES-SlBCS
_bspa
041 _aspa
100 1 _aCarriedo Tejedo, Manuel
_967731
245 1 4 _aLos títulos Dumiense, Britonense y Mindoniense
_b: (ss. VI-XII)
_cManuel Carriedo Tejedo
773 0 _gNúm. 38, 2025, págs. 23-86
_tEstudios Mindonienses
_wRev196
_x0213-4357
942 _2lcc
_cAR
999 _c902305
_d902305